000 00650nam a22001937a 4500
005 20250328060339.0
008 250328b |||||||| |||| 00| 0 eng d
020 _a9781032965079
040 _cAIMIT LIBRARY
082 _21
_a004.691
_bPENS
100 _aPeng, Shaoliang
_9207082
245 _aBlockchain for big data :
_bAI IoT and cloud perspectives /
_cBy Shaoliang Peng.
250 _a1
260 _aNew York :
_bCRC Press ;
_c2022.
300 _axviii,182p. ;
_bPB
_c23 cm.
650 _aConvergence of blockchain and big data
_9207083
650 _aPromoting the development of smart cities
_9207084
942 _2ddc
_cBK
_e1st ed.
_k004.691 PENS
999 _c234035
_d234035